Visita del nuncio de su Santidad a la Diputación
Descripción Física:
Il·lustracions
Colección:
San Jorge,
; núm. 21 (gener 1956), pàg 100
Materias:
Antoniutti, Ildebrando, -- 1898-1974
; Palau de la Generalitat de Catalunya
; Visites oficials -- Barcelona (Catalunya)
Idioma:
Español
MARC
| LEADER | 00000naa a2200000 a 4500 | ||
|---|---|---|---|
| 003 | Arxiu | ||
| 005 | 20260324181505.0 | ||
| 008 | 160829s1956 spcaxx s spa c | ||
| 040 | |a AGDB | ||
| 245 | 0 | 0 | |a Visita del nuncio de su Santidad a la Diputación |
| 300 | |b Il·lustracions | ||
| 490 | |a San Jorge, |v núm. 21 (gener 1956), pàg 100 | ||
| 600 | 1 | 0 | |a Antoniutti, Ildebrando, |d 1898-1974 |9 56196 |
| 610 | 2 | 0 | |9 53043 |a Palau de la Generalitat de Catalunya |
| 650 | 0 | |9 31008 |a Visites oficials |z Barcelona (Catalunya) | |
| 773 | |g Núm. 21 (gener 1956), pàg 100 |t San Jorge. | ||
| 901 | |a Arxiu | ||
| 942 | |n 1 |2 udc |c ART | ||
| 952 | |0 0 |1 0 |4 0 |6 REV511 |7 1 |9 66124 |a Arxiu |b Arxiu |d 2023-04-17 |l 0 |o Rev-511 |r 2023-04-17 00:00:00 |w 2023-04-17 |y ARXIU |z També disponible a Rev-525 | ||
| 999 | |c 43372 |d 43372 | ||